| 000 | 00513nam a2200193Ia 4500 | ||
|---|---|---|---|
| 003 | GCL | ||
| 008 | 140319s9999 xx 000 0 ara d | ||
| 040 |
_aGCL / _cGCL |
||
| 082 | 0 | 4 |
_a823.03 _bف د |
| 100 | 1 | _aفوكز، وليم | |
| 245 | 1 | 0 |
_aالدب / _cفوكز، وليم |
| 700 | 1 | _aعبدالحميد سليم(ترجمة) | |
| 300 | _a190 ص | ||
| 490 |
_aروايات عالمية _v0 |
||
| 650 | 0 | 4 | _aالادب الامريكى |
| 650 | 0 | 4 | _aالقصص |
| 650 | 0 | 4 | _aالقصة |
| 942 |
_2ddc _cBK |
||
| 999 |
_c38326 _d38326 |
||